| 000 | 00533cam a22001097a 4500 | ||
|---|---|---|---|
| 008 | 180718b xxu||||| |||| 00| 0 eng d | ||
| 082 | _aW67x54 In2/1970 | ||
| 245 |
_aCivil aircraft accidents 1970 _cby Air Safety Directorate, Civil Aviation Department, Ministry of Tourism and Civil Aviation |
||
| 260 |
_aBombay _bAir Safety Directorate, Civil Aviation Department, Ministry of Tourism and Civil Aviation _c |
||
| 300 | _a10p. | ||
| 700 | _aMaharashtra. Ministry of Tourism and Civil Aviation. Civil Aviation Department. Air Safety Directorate | ||
| 999 |
_c498641 _d498641 |
||